| 000 | 01088 a2200241 4500 | ||
|---|---|---|---|
| 005 | 20080910150138.0 | ||
| 008 | 080910t xxu||||| |||| 00| 0 hin d | ||
| 010 | _aHIN-79491 | ||
| 020 |
_a8181661583 _c150.00 |
||
| 035 | _aHN-51837 | ||
| 037 | _bD.B.Act / pub | ||
| 082 | _aक | ||
| 245 |
_aरात की चीख़ _cअनुवादक प्रोमद कौंसवाल |
||
| 246 | _aRaat ki Cheekh | ||
| 260 |
_aदिल्ली _bमेधा बुक्स _c2006 |
||
| 270 |
_aएक्स-11, नवीन शाहदरा _bदिल्ली _e110032 _k22323672 _mmedhabooks@rediffmail.com |
||
| 300 |
_a128पृ _c22 सेमी (सजिल्द) _b(सचित्र) |
||
| 650 | _aहिन्दी कहानियाँ | ||
| 650 | _aHindi Stories | ||
| 700 | _aकौंसवाल, प्रमोद | ||
| 942 |
_adpl _cHN _kक / रातकी _2ddc _hक _mरातकी |
||
| 999 |
_c2845 _d2845 |
||